The Practical negotiator /

Gardado en:
Detalles Bibliográficos
Autor Principal: Zartman, William
Outros autores: Berman, Maureen
Formato: Texto
Publicado: Massachussetts: New Haven and London
Etiquetas: Engadir etiqueta
Sen Etiquetas, Sexa o primeiro en etiquetar este rexistro!

MARC

LEADER 00000 a a2200000 04500
001 24752
003
040
020 |a 0-300-02523-8  
090 |a 173400  
100 |a Zartman, William  
245 |a The Practical negotiator /  |c William Zartman 
260 |a Massachussetts:   |b New Haven and London  
300 |a 250 p  
700 |a Berman, Maureen  
999 |c 13902  |d 13902